[Event "20th SLO-ch"]
[Site "Ljubljana SLO"]
[Date "2010.08.07"]
[Round "1"]
[White "Crepan, Marjan"]
[Black "Sebenik, Matej"]
[Result "0-1"]
[WhiteElo "2317"]
[BlackElo "2518"]
[EventDate "2010.08.07"]
[PlyCount "110"]

1.e4 e6 2.d4 d5 3.e5 c5 4.c3 Nc6 5.Nf3 Bd7 6.Bd3 cxd4 7.cxd4 Qb6 8.O-O 
Nxd4 9.Nxd4 Qxd4 10.Nc3 a6 11.Kh1 Rc8 12.f4 Nh6 13.Qe2 Bc5 14.Bd2 Ng4 15.
Nd1 Ba4 16.Nc3 Bd7 17.Nd1 h5 18.Rc1 Bb4 19.Rxc8+ Bxc8 20.Bxb4 Qxb4 21.h3 
Qd4 22.Rf3 Bd7 23.Qc2 Qb6 24.Qc3 Bc6 25.Qe1 g6 26.Bc2 d4 27.Be4 Nh6 28.Rb3
Qc5 29.Bxc6+ Qxc6 30.Qb4 Qc1 31.Qxd4 O-O 32.Rd3 Nf5 33.Qb4 Rc8 34.Qxb7 h4 
35.Qf3 Rc4 36.Rd8+ Kg7 37.Qa8 Qxf4 38.Rg8+ Kh6 39.Qf8+ Kh5 40.Rh8+ Nh6 41.
Nc3 Rd4 42.Qa8 Qxe5 43.Rh7 Qe1+ 44.Kh2 Qg3+ 45.Kh1 Rf4 46.Kg1 Qe1+ 47.Kh2 
Rf1 48.Rxh6+ Kxh6 49.Qh8+ Kg5 50.Qd8+ f6 51.Qd2+ Qxd2 52.Ne4+ Kf4 53.Nxd2 
Rf2 54.Nb3 e5 55.Nc5 e4 0-1

[Event "20th SLO-ch"]
[Site "Ljubljana SLO"]
[Date "2010.08.07"]
[Round "1"]
[White "Lenic, Luka"]
[Black "Jelen, Igor"]
[Result "1-0"]
[WhiteElo "2602"]
[BlackElo "2383"]
[EventDate "2010.08.07"]
[PlyCount "75"]

1.c4 c5 2.Nf3 Nf6 3.d4 cxd4 4.Nxd4 e6 5.Nc3 Bb4 6.g3 O-O 7.Bg2 d5 8.cxd5 
exd5 9.O-O Nc6 10.Bg5 Be6 11.Nxc6 bxc6 12.Qa4 Bxc3 13.bxc3 h6 14.Be3 Qe7 
15.Qxc6 Rfc8 16.Qa6 Rxc3 17.Rfc1 Qa3 18.Qxa3 Rxa3 19.Bd4 Ne4 20.Rc2 Rc8 
21.Rac1 Rxc2 22.Rxc2 Ra4 23.Be5 Rb4 24.Rc1 Ra4 25.Rc2 Rb4 26.Bb2 Ra4 27.
Bc1 Rd4 28.h3 Rd1+ 29.Kh2 Nd6 30.Bf3 Rd4 31.Bf4 Nb5 32.Rb2 Nc3 33.Be5 Rc4 
34.e3 Ne4 35.Bd4 Ra4 36.Bd1 Ra3 37.Bc2 Ng5 38.Rb8+ 1-0

[Event "20th SLO-ch"]
[Site "Ljubljana SLO"]
[Date "2010.08.07"]
[Round "1"]
[White "Tratar, Marko"]
[Black "Srebrnic, Marko"]
[Result "0-1"]
[WhiteElo "2505"]
[BlackElo "2331"]
[EventDate "2010.08.07"]
[PlyCount "62"]

1.d4 d6 2.Nf3 g6 3.c4 Bg7 4.Nc3 Nc6 5.d5 Ne5 6.Nxe5 Bxe5 7.e4 Nf6 8.Bd3 
O-O 9.Ne2 Nd7 10.h4 h5 11.Nf4 Nc5 12.Bc2 e6 13.Rb1 a5 14.f3 exd5 15.cxd5 
c6 16.dxc6 bxc6 17.Ne2 Ba6 18.Bg5 Qc8 19.Kf2 Rb8 20.b3 Re8 21.Re1 Ne6 22.
Be3 d5 23.exd5 cxd5 24.Rc1 Qd8 25.Bd3 Qxh4+ 26.Kf1 Bb7 27.Qd2 d4 28.Bg1 
Nf4 29.Nxf4 Bxf4 30.Qxa5 Bxf3 31.Rc2 Bg3 0-1

[Event "20th SLO-ch"]
[Site "Ljubljana SLO"]
[Date "2010.08.07"]
[Round "1"]
[White "Gombac, Jan"]
[Black "Zorko, Jure"]
[Result "1/2-1/2"]
[WhiteElo "2324"]
[BlackElo "2437"]
[EventDate "2010.08.07"]
[PlyCount "22"]

1.d4 Nf6 2.c4 e6 3.g3 d5 4.Bg2 Bb4+ 5.Nd2 O-O 6.Nf3 dxc4 7.Qc2 b5 8.a4 Bb7
9.axb5 Bxd2+ 10.Bxd2 Bd5 11.O-O a6 1/2-1/2

[Event "20th SLO-ch"]
[Site "Ljubljana SLO"]
[Date "2010.08.08"]
[Round "2"]
[White "Sebenik, Matej"]
[Black "Zorko, Jure"]
[Result "1-0"]
[WhiteElo "2518"]
[BlackElo "2437"]
[EventDate "2010.08.07"]
[PlyCount "67"]

1.d4 Nf6 2.c4 e6 3.g3 d5 4.Nf3 Bb4+ 5.Bd2 Be7 6.Bg2 O-O 7.O-O c6 8.Qc2 
Nbd7 9.Bf4 b6 10.Rd1 Ba6 11.Ne5 Rc8 12.Nc3 Nh5 13.Bc1 Nhf6 14.Qa4 Nb8 15.
b3 b5 16.Nxb5 cxb5 17.cxb5 Bb7 18.Qxa7 Rc7 19.Bd2 Qc8 20.Rdc1 Bd6 21.a4 
Ne4 22.Bxe4 Bxe5 23.Bxh7+ Kxh7 24.dxe5 Nd7 25.Rxc7 Qxc7 26.Rc1 Qb8 27.Qxb8
Rxb8 28.Rc7 Nxe5 29.Bc3 d4 30.Bxd4 Rd8 31.Rxb7 Rxd4 32.a5 Rd7 33.Rxd7 Nxd7
34.b6 1-0

[Event "20th SLO-ch"]
[Site "Ljubljana SLO"]
[Date "2010.08.08"]
[Round "2"]
[White "Srebrnic, Marko"]
[Black "Gombac, Jan"]
[Result "1/2-1/2"]
[WhiteElo "2331"]
[BlackElo "2324"]
[EventDate "2010.08.07"]
[PlyCount "48"]

1.Nf3 Nf6 2.c4 c6 3.b3 d6 4.d4 Bg4 5.Bb2 Nbd7 6.Nbd2 Qa5 7.e3 e5 8.Qc2 Be7
9.Bc3 Qc7 10.Bd3 a6 11.O-O O-O 12.h3 Bh5 13.Ng5 Bg6 14.Bxg6 hxg6 15.dxe5 
dxe5 16.Rad1 Rfe8 17.Qb2 b5 18.Qa1 Bf8 19.Nge4 b4 20.Bb2 Nc5 21.Qb1 Rad8 
22.Nxc5 Bxc5 23.Ne4 Bf8 24.Qc2 a5 1/2-1/2

[Event "20th SLO-ch"]
[Site "Ljubljana SLO"]
[Date "2010.08.08"]
[Round "2"]
[White "Gjuran, Denis"]
[Black "Tratar, Marko"]
[Result "0-1"]
[WhiteElo "2351"]
[BlackElo "2505"]
[EventDate "2010.08.07"]
[PlyCount "102"]

1.e4 e6 2.f4 b6 3.Nf3 Bb7 4.d3 d5 5.e5 d4 6.Be2 c5 7.Nbd2 Ne7 8.O-O Nd5 9.
Ne4 Nc6 10.Rb1 Qd7 11.c4 dxc3 12.bxc3 O-O-O 13.a3 Be7 14.Qc2 f5 15.exf6 
gxf6 16.c4 Nc7 17.Bb2 Rhf8 18.Rbe1 Ne8 19.Ng3 Bd6 20.Bc1 Rg8 21.Rf2 f5 22.
Bf1 Nf6 23.Rfe2 Rde8 24.Bb2 Ng4 25.Qd2 Qc7 26.Rxe6 Rxe6 27.Rxe6 Nxh2 28.
Nxh2 Bxf4 29.Qe1 Bxg3 30.Re8+ Rxe8 31.Qxe8+ Nd8 32.Nf3 Qf7 33.Qe3 Qe6 34.
Ne5 f4 35.Qe2 Qh6 36.Ng4 Qe6 37.Ne5 Qf5 38.d4 cxd4 39.Bxd4 Ne6 40.Bc3 Nc5 
41.Qd1 Ne4 42.Bd3 Bf2+ 43.Kf1 Bc5 44.Qf3 h5 45.Ke1 Bd6 46.g4 hxg4 47.Nxg4 
Qe6 48.Be2 Nxc3 49.Qxc3 f3 50.Qh8+ Kc7 51.Qg7+ Be7 0-1

[Event "20th SLO-ch"]
[Site "Ljubljana SLO"]
[Date "2010.08.08"]
[Round "2"]
[White "Crepan, Marjan"]
[Black "Lenic, Luka"]
[Result "0-1"]
[WhiteElo "2317"]
[BlackElo "2602"]
[EventDate "2010.08.07"]
[PlyCount "172"]

1.e4 c6 2.d4 d5 3.e5 Bf5 4.Ne2 e6 5.Nd2 Ne7 6.c3 Nd7 7.Nf4 c5 8.g4 Bg6 9.
h4 h5 10.gxh5 Bf5 11.Bh3 cxd4 12.cxd4 Rc8 13.Nb3 Be4 14.Rg1 Nf5 15.Bxf5 
Bxf5 16.Rg5 Nb6 17.Bd2 Nc4 18.Bc3 Be7 19.Rxg7 Bf8 20.Rg1 Qxh4 21.Qf3 Be4 
22.Qg3 Qxg3 23.Rxg3 Bh6 24.Ne2 b6 25.Rh3 Bf5 26.Rh1 Bg4 27.Nbc1 f6 28.exf6
Kf7 29.Nd3 Kxf6 30.a4 Bf8 31.Ne5 Nxe5 32.dxe5+ Kf7 33.Rh4 Rc4 34.Nd4 Rxh5 
35.Rxh5 Bxh5 36.a5 Bc5 37.axb6 Bxb6 38.Nb5 Re4+ 39.Kd2 Re2+ 40.Kc1 Rxf2 
41.Ra4 Be3+ 42.Kb1 Be2 43.Bd4 Bd3+ 44.Ka2 Bxb5 45.Bxe3 Re2 46.Rxa7+ Kg6 
47.Bd4 Re4 48.Bc5 Rxe5 49.Rb7 Bc4+ 50.b3 Re2+ 51.Ka3 Bd3 52.b4 Rc2 53.Bg1 
Rc1 54.Bd4 Kf5 55.b5 e5 56.Bb2 Rc5 57.Ka4 d4 58.b6 Rb5 59.Ba3 Rb1 60.Bc5 
Be4 61.Rh7 Bc6+ 62.Ka3 d3 63.Bb4 Kg6 64.Rc7 Bf3 65.Re7 Kf6 66.b7 Bxb7 67.
Rxb7 Kf5 68.Rd7 e4 69.Bd2 Rd1 70.Bh6 Rh1 71.Bd2 Rh2 72.Bc1 Rc2 73.Bh6 Kg4 
74.Rf7 Kg3 75.Kb3 Rf2 76.Rg7+ Kf3 77.Kc3 Rh2 78.Bd2 Rh8 79.Rc7 Ke2 80.Rc6 
Re8 81.Bf4 e3 82.Rh6 d2 83.Rh2+ Kf3 84.Rxd2 Kxf4 85.Rd1 e2 86.Re1 Ke3 0-1

[Event "20th SLO-ch"]
[Site "Ljubljana SLO"]
[Date "2010.08.09"]
[Round "3"]
[White "Lenic, Luka"]
[Black "Sebenik, Matej"]
[Result "1/2-1/2"]
[WhiteElo "2602"]
[BlackElo "2518"]
[EventDate "2010.08.07"]
[PlyCount "44"]

1.d4 d5 2.c4 c6 3.Nf3 Nf6 4.e3 Bg4 5.h3 Bxf3 6.Qxf3 e6 7.Nc3 Nbd7 8.Bd3 
Bb4 9.O-O O-O 10.Bd2 Nc5 11.dxc5 dxc4 12.Ne4 Bxd2 13.Bxc4 Nxe4 14.Qxe4 Qe7
15.Rfd1 Ba5 16.b4 Bc7 17.g3 g6 18.a3 Rfd8 19.Kg2 Rxd1 20.Rxd1 Rd8 21.Rxd8+
Qxd8 22.Qd3 Qxd3 1/2-1/2

[Event "20th SLO-ch"]
[Site "Ljubljana SLO"]
[Date "2010.08.09"]
[Round "3"]
[White "Skoberne, Jure"]
[Black "Crepan, Marjan"]
[Result "1-0"]
[WhiteElo "2519"]
[BlackElo "2317"]
[EventDate "2010.08.07"]
[PlyCount "129"]

1.c4 Nf6 2.Nf3 c6 3.e3 d5 4.Qc2 Bg4 5.Ne5 Bh5 6.cxd5 Nxd5 7.g4 Bg6 8.Qb3 
Nd7 9.Nxg6 hxg6 10.d4 Qc7 11.Nc3 N7b6 12.a4 a5 13.e4 Nb4 14.h3 e6 15.Be3 
Bd6 16.O-O-O Bf4 17.e5 N6d5 18.Ne4 O-O-O 19.Bc4 Kb8 20.Kb1 Qe7 21.Bxd5 
Nxd5 22.Rc1 Qb4 23.Qxb4 axb4 24.Bxf4 Nxf4 25.Rc4 Rxh3 26.Rxh3 Nxh3 27.Rxb4
Kc7 28.a5 Ra8 29.Rb3 Ng1 30.Nc5 Ra7 31.Rg3 Ne2 32.Rf3 Rxa5 33.Rxf7+ Kc8 
34.Rf8+ Kc7 35.Rf7+ Kc8 36.Nxe6 Rd5 37.Rc7+ Kb8 38.Rxg7 c5 39.Rg8+ Ka7 40.
Rd8 Rxd8 41.Nxd8 Nxd4 42.e6 Nb5 43.e7 Nd6 44.Ne6 Ne8 45.Nxc5 Kb6 46.Ne4 g5
47.Nxg5 Kc6 48.Ne4 Kd7 49.f4 Kxe7 50.f5 Nc7 51.Kc2 Nd5 52.Kd3 Nb4+ 53.Kd4 
Nc6+ 54.Ke3 Ne5 55.g5 Nc4+ 56.Kd4 Na5 57.g6 Nc6+ 58.Kd5 Nb4+ 59.Kc5 Nd3+ 
60.Kd4 Nb4 61.f6+ Ke6 62.f7 Ke7 63.Ng5 Nc6+ 64.Ke4 Nd8 65.g7 1-0

[Event "20th SLO-ch"]
[Site "Ljubljana SLO"]
[Date "2010.08.09"]
[Round "3"]
[White "Tratar, Marko"]
[Black "Jelen, Igor"]
[Result "1/2-1/2"]
[WhiteElo "2505"]
[BlackElo "2383"]
[EventDate "2010.08.07"]
[PlyCount "89"]

1.d4 Nf6 2.c4 g6 3.Nc3 d5 4.e3 Bg7 5.cxd5 Nxd5 6.Nxd5 Qxd5 7.Ne2 O-O 8.Nc3
Qc6 9.Bd2 Na6 10.Rc1 Bf5 11.Qf3 Qxf3 12.gxf3 Nb4 13.Na4 Nd3+ 14.Bxd3 Bxd3 
15.Rxc7 e5 16.Nc5 Bb5 17.Nxb7 exd4 18.Nd6 Bd3 19.exd4 Bxd4 20.Bc3 Bb6 21.
Rd7 Rad8 22.Ne4 Bxe4 23.Rxd8 Rxd8 24.fxe4 Re8 25.f3 f5 26.e5 Be3 27.h3 Kf7
28.Rh2 Ke6 29.Re2 f4 30.Bd2 Bxd2+ 31.Kxd2 Rd8+ 32.Kc3 Rd1 33.Re4 g5 34.Ra4
Rf1 35.Kd4 Rd1+ 36.Kc3 Rf1 37.Kd4 Rd1+ 38.Kc4 Rf1 39.Rxa7 Rxf3 40.Rxh7 Rf2
41.Kd4 Rd2+ 42.Ke4 Re2+ 43.Kd4 Rd2+ 44.Ke4 Re2+ 45.Kd4 1/2-1/2

[Event "20th SLO-ch"]
[Site "Ljubljana SLO"]
[Date "2010.08.09"]
[Round "3"]
[White "Gombac, Jan"]
[Black "Gjuran, Denis"]
[Result "0-1"]
[WhiteElo "2324"]
[BlackElo "2351"]
[EventDate "2010.08.07"]
[PlyCount "214"]

1.e4 c5 2.Nf3 g6 3.d4 cxd4 4.Qxd4 Nf6 5.Bb5 a6 6.e5 axb5 7.exf6 Nc6 8.Qd3 
b4 9.fxe7 Qxe7+ 10.Be3 Bg7 11.c3 O-O 12.O-O d5 13.Bd4 Bf5 14.Qd1 Nxd4 15.
Nxd4 Be4 16.Nd2 Rfc8 17.Nxe4 dxe4 18.Qd2 Rd8 19.Rfd1 Rac8 20.g3 h5 21.Qe3 
bxc3 22.bxc3 Qc5 23.Rac1 Kh7 24.Qxe4 Bxd4 25.cxd4 Qxc1 26.Rxc1 Rxc1+ 27.
Kg2 Rd7 28.Qe8 Rcc7 29.Qb8 Rc4 30.d5 Rd4 31.Qf8 R4xd5 32.a3 Rf5 33.f4 Rd2+
34.Kh3 Rd3 35.Kg2 h4 36.Qb4 hxg3 37.hxg3 b5 38.Qf8 Rc3 39.Kh2 Rc2+ 40.Kh3 
Rf2 41.Kg4 Rd2 42.Kf3 Rd3+ 43.Kg2 Rd7 44.Kf3 Rfd5 45.Kg4 Ra7 46.Kh4 Rd3 
47.Qe8 Rdxa3 48.Qxb5 R7a5 49.Qb7 Kg7 50.Qb2+ f6 51.Qb7+ Kh6 52.Kh3 Rh5+ 
53.Kg2 Ra2+ 54.Kf3 Rha5 55.Qf7 R5a3+ 56.Kg4 f5+ 57.Kh3 Ra7 58.Qg8 Ra8 59.
Qf7 Ra1 60.Qf6 Re1 61.Kg2 Ra2+ 62.Kf3 Re8 63.Qf7 Rea8 64.Ke3 R8a3+ 65.Kd4 
Rd2+ 66.Kc4 Rxg3 67.Qf8+ Kh5 68.Qg7 Rf2 69.Qh7+ Kg4 70.Qxg6+ Kxf4 71.Qd6+ 
Kg4 72.Qg6+ Kh3 73.Qh7+ Kg2 74.Qb7+ Kh2 75.Kd4 f4 76.Ke4 f3 77.Qh7+ Kg2 
78.Kf4 Ra2 79.Qe4 Re2 80.Qa8 Re7 81.Qc6 Rf7+ 82.Ke3 Rg4 83.Qa8 Re7+ 84.Kd3
Rg6 85.Kc3 Kg3 86.Qb8+ Kg2 87.Qa8 Rge6 88.Qd5 Re5 89.Qc6 Kf2 90.Qh6 Re3+ 
91.Kc4 Ke2 92.Kd4 R7e4+ 93.Kd5 Re5+ 94.Kd4 R3e4+ 95.Kc3 f2 96.Qa6+ Kf3 97.
Qf1 Kg3 98.Qa6 Re3+ 99.Kd4 R5e4+ 100.Kd5 Rf4 101.Qf1 Rff3 102.Kc6 Re1 103.
Qc4 f1=Q 104.Qg8+ Kf2 105.Qa2+ Qe2 106.Qa7+ Qe3 107.Qa2+ Re2 0-1

[Event "20th SLO-ch"]
[Site "Ljubljana SLO"]
[Date "2010.08.09"]
[Round "3"]
[White "Zorko, Jure"]
[Black "Srebrnic, Marko"]
[Result "1-0"]
[WhiteElo "2437"]
[BlackElo "2331"]
[EventDate "2010.08.07"]
[PlyCount "81"]

1.e4 e5 2.Nf3 Nf6 3.Nxe5 d6 4.Nf3 Nxe4 5.d4 Bf5 6.Bd3 d5 7.O-O Be7 8.c4 
dxc4 9.Bxc4 O-O 10.Nc3 Nd6 11.Bd5 Nd7 12.Re1 Bg4 13.h3 Bh5 14.g4 Bg6 15.
Bf4 Nf6 16.Bb3 Nfe4 17.Ne5 Bg5 18.Qc1 Bxf4 19.Qxf4 Nxc3 20.bxc3 a5 21.a4 
Ra6 22.Re3 Rb6 23.c4 Rb4 24.Rae1 Kh8 25.c5 Nc8 26.Nxf7+ Bxf7 27.Bxf7 Rxd4 
28.Qf3 Qf6 29.Re8 Rd8 30.Qd5 Rdxe8 31.Rxe8 Rxe8 32.Bxe8 Qf8 33.Bd7 c6 34.
Qb3 Ne7 35.Qxb7 Ng8 36.Qxc6 h6 37.Be6 Ne7 38.Qd6 Qf6 39.c6 Nc8 40.Qd7 Ne7 
41.c7 1-0

[Event "20th SLO-ch"]
[Site "Ljubljana SLO"]
[Date "2010.08.10"]
[Round "4"]
[White "Sebenik, Matej"]
[Black "Srebrnic, Marko"]
[Result "1-0"]
[WhiteElo "2518"]
[BlackElo "2331"]
[EventDate "2010.08.07"]
[PlyCount "73"]

1.d4 Nf6 2.c4 d6 3.Nf3 Nbd7 4.Nc3 e5 5.g3 Be7 6.Bg2 O-O 7.O-O c6 8.e4 a5 
9.Re1 Re8 10.h3 h6 11.Be3 Nh7 12.Qd2 Ng5 13.Nxg5 hxg5 14.Rad1 Bf6 15.b3 
Nf8 16.Qc1 Qe7 17.Na4 Ne6 18.d5 Nd4 19.Bxd4 exd4 20.c5 Bd7 21.Nb6 Rad8 22.
Nc4 dxc5 23.e5 cxd5 24.Bxd5 Bxh3 25.exf6 Qxf6 26.Bxb7 g4 27.Rxe8+ Rxe8 28.
Re1 Rb8 29.Qc2 g6 30.Nxa5 Kh7 31.Bh1 Rd8 32.Qd3 Qb6 33.Nc4 Qa7 34.a4 Rb8 
35.a5 Qa6 36.Bd5 Qf6 37.Ra1 1-0

[Event "20th SLO-ch"]
[Site "Ljubljana SLO"]
[Date "2010.08.10"]
[Round "4"]
[White "Gjuran, Denis"]
[Black "Zorko, Jure"]
[Result "1/2-1/2"]
[WhiteElo "2351"]
[BlackElo "2437"]
[EventDate "2010.08.07"]
[PlyCount "70"]

1.e4 e6 2.d4 d5 3.exd5 exd5 4.c4 Bb4+ 5.Nc3 Ne7 6.Bd3 O-O 7.Ne2 Bf5 8.O-O 
Bxd3 9.Qxd3 Nbc6 10.Rd1 Re8 11.Bf4 dxc4 12.Qxc4 Bd6 13.Bxd6 cxd6 14.Ng3 d5
15.Qd3 g6 16.Rac1 Qd6 17.Qd2 a6 18.Na4 Rac8 19.Nc5 Rc7 20.Nb3 Qf6 21.Rc3 
Nc8 22.Na5 Nd6 23.Nxc6 Rxc6 24.Rxc6 bxc6 25.b3 h5 26.Nf1 h4 27.h3 Ne4 28.
Qe3 Re6 29.Nh2 Ng3 30.Ng4 Qe7 31.Qd2 Ne4 32.Qa5 Qg5 33.Qxa6 Qf4 34.Qf1 Nc3
35.Re1 Rxe1 1/2-1/2

[Event "20th SLO-ch"]
[Site "Ljubljana SLO"]
[Date "2010.08.10"]
[Round "4"]
[White "Jelen, Igor"]
[Black "Gombac, Jan"]
[Result "1-0"]
[WhiteElo "2383"]
[BlackElo "2324"]
[EventDate "2010.08.07"]
[PlyCount "91"]

1.d4 d6 2.Nf3 g6 3.c4 Bg7 4.Nc3 Nd7 5.e4 e5 6.Be2 c6 7.O-O Nh6 8.Be3 f6 9.
dxe5 dxe5 10.b4 O-O 11.c5 Nf7 12.b5 f5 13.Bc4 f4 14.Bc1 Kh8 15.Ba3 Qf6 16.
Qb3 h6 17.Rad1 g5 18.Bxf7 Qxf7 19.Qxf7 Rxf7 20.bxc6 bxc6 21.Rd6 Bb7 22.
Rfd1 Nf8 23.Na4 Re8 24.Nb2 g4 25.Nh4 Ne6 26.Nc4 Nd4 27.Bb2 Kh7 28.a4 Bf8 
29.Nxe5 Rxe5 30.R6xd4 Bxc5 31.Rc4 Rg5 32.Nf5 Bb6 33.Rd6 Rg6 34.Be5 Ba6 35.
Rxg6 Kxg6 36.Rxc6+ Kg5 37.g3 fxg3 38.hxg3 Rxf5 39.exf5 Kxf5 40.Bg7 Be2 41.
Bxh6 Bd1 42.Rc4 Ke5 43.a5 Bd8 44.Bg7+ Bf6 45.Bxf6+ Kxf6 46.Rc7 1-0

[Event "20th SLO-ch"]
[Site "Ljubljana SLO"]
[Date "2010.08.10"]
[Round "4"]
[White "Lenic, Luka"]
[Black "Skoberne, Jure"]
[Result "1-0"]
[WhiteElo "2602"]
[BlackElo "2519"]
[EventDate "2010.08.07"]
[PlyCount "105"]

1.d4 d5 2.c4 c6 3.Nc3 Nf6 4.e3 a6 5.Nf3 e6 6.a3 Nbd7 7.b4 Bd6 8.Bd3 e5 9.
c5 Bc7 10.dxe5 Nxe5 11.Bb2 Nfg4 12.Na4 Qf6 13.h3 Nxf3+ 14.Qxf3 Qxf3 15.
gxf3 Ne5 16.Be2 f6 17.Bd4 Bf5 18.Kd2 Kf7 19.f4 Ng6 20.Bh5 Rhe8 21.Nc3 Re7 
22.Ne2 Kf8 23.h4 Nh8 24.Ng3 Bd7 25.Be2 Nf7 26.Bd3 Nh6 27.Bxh7 Ng4 28.Raf1 
a5 29.Bc2 axb4 30.axb4 Ra2 31.Ra1 Rxa1 32.Rxa1 Re8 33.Bg6 Rb8 34.f3 Nh6 
35.h5 Ke7 36.Ra7 Kf8 37.Bc3 Ke7 38.Ne2 Nf5 39.Nd4 Nxd4 40.Bxd4 Be8 41.Bxe8
Kxe8 42.f5 Ke7 43.f4 Rh8 44.Rxb7 Kd7 45.Ke2 Ra8 46.h6 Kc8 47.Rxc7+ Kxc7 
48.hxg7 Kd7 49.Bxf6 Rg8 50.Kd3 Ke8 51.b5 Kf7 52.Be5 cxb5 53.Kc3 1-0

[Event "20th SLO-ch"]
[Site "Ljubljana SLO"]
[Date "2010.08.11"]
[Round "5"]
[White "Skoberne, Jure"]
[Black "Sebenik, Matej"]
[Result "1/2-1/2"]
[WhiteElo "2519"]
[BlackElo "2518"]
[EventDate "2010.08.07"]
[PlyCount "59"]

1.c4 c5 2.Nf3 Nf6 3.d4 cxd4 4.Nxd4 Nc6 5.Nc3 g6 6.e4 d6 7.Be2 Nxd4 8.Qxd4 
Bg7 9.O-O O-O 10.Bg5 Be6 11.Qe3 Qb6 12.Qxb6 axb6 13.Rfd1 Rfc8 14.e5 dxe5 
15.b3 h6 16.Be3 Nd7 17.Na4 e4 18.Bd4 Rc6 19.Bxg7 Kxg7 20.f3 Ne5 21.Nc3 
exf3 22.Bxf3 Nxf3+ 23.gxf3 f5 24.Rd2 g5 25.Re1 Kf6 26.Rde2 Rd8 27.Nb5 Rd7 
28.Na7 Rcd6 29.Nc8 Rc6 30.Na7 1/2-1/2

[Event "20th SLO-ch"]
[Site "Ljubljana SLO"]
[Date "2010.08.11"]
[Round "5"]
[White "Gombac, Jan"]
[Black "Crepan, Marjan"]
[Result "0-1"]
[WhiteElo "2324"]
[BlackElo "2317"]
[EventDate "2010.08.07"]
[PlyCount "94"]

1.e4 e5 2.Nf3 Nc6 3.Bb5 Bc5 4.Bxc6 dxc6 5.d3 Ne7 6.Be3 Qd6 7.O-O O-O 8.Nc3
Ng6 9.Nd2 Be6 10.Kh1 Bb6 11.Qe2 Qe7 12.Na4 f5 13.exf5 Rxf5 14.Nxb6 axb6 
15.Ne4 c5 16.Ng3 Rf7 17.Rfe1 Bd5 18.Qh5 Raf8 19.Kg1 Qe6 20.f3 h6 21.Ne4 
Rf5 22.Qg4 Qf7 23.Ng3 Rf6 24.Nh5 Rc6 25.b3 Qe7 26.Re2 Nh4 27.Ng3 Rg6 28.
Qa4 Rxf3 29.gxf3 Nxf3+ 30.Kh1 b5 31.Qa8+ Kh7 32.Ne4 Qh4 33.Bg1 Qg4 34.Bxc5
Nxh2 35.Rg1 Qxe2 36.Rxg6 Kxg6 37.Qe8+ Kh7 38.Qxe5 Ng4 39.Qf5+ Kh8 40.Qf8+ 
Bg8 41.Qf4 b6 42.Bd4 c5 43.Bg1 b4 44.Qf8 Qxc2 45.Qd8 Qe2 46.Qf8 Qxd3 47.
Ng3 Qd5+ 0-1

[Event "20th SLO-ch"]
[Site "Ljubljana SLO"]
[Date "2010.08.12"]
[Round "6"]
[White "Crepan, Marjan"]
[Black "Zorko, Jure"]
[Result "0-1"]
[WhiteElo "2317"]
[BlackElo "2437"]
[EventDate "2010.08.07"]
[PlyCount "98"]

1.e4 c6 2.d4 d5 3.e5 c5 4.c3 Nc6 5.h3 Bf5 6.Bd3 Bxd3 7.Qxd3 e6 8.Ne2 Rc8 
9.a3 f6 10.f4 Qb6 11.Nd2 cxd4 12.cxd4 Nh6 13.Nf3 Be7 14.g4 f5 15.Nc3 g6 
16.Rg1 Na5 17.Rg2 Kd7 18.g5 Nf7 19.Re2 Nd8 20.b4 Nc4 21.Na4 Qa6 22.Nc5+ 
Bxc5 23.dxc5 b6 24.cxb6 axb6 25.Nd4 Qa4 26.Be3 Nc6 27.Nb3 Ke7 28.Bc1 h6 
29.Rg2 Nd8 30.Raa2 Nf7 31.gxh6 Rxh6 32.Rg3 g5 33.fxg5 Rh4 34.g6 Nfxe5 35.
Bg5+ Kd6 36.Bxh4 Nxd3+ 37.Rxd3 f4 38.Bf6 e5 39.Rg2 Ke6 40.g7 Kxf6 41.g8=Q 
Rxg8 42.Rxg8 Qxa3 43.h4 e4 44.Rh3 f3 45.Rf8+ Ke7 46.Rhxf3 exf3 47.Rxf3 d4 
48.h5 Ne5 49.Rg3 d3 0-1

[Event "20th SLO-ch"]
[Site "Ljubljana SLO"]
[Date "2010.08.12"]
[Round "6"]
[White "Lenic, Luka"]
[Black "Gombac, Jan"]
[Result "1-0"]
[WhiteElo "2602"]
[BlackElo "2324"]
[EventDate "2010.08.07"]
[PlyCount "49"]

1.d4 d6 2.e4 e5 3.Nf3 exd4 4.Nxd4 Nf6 5.Bd3 g6 6.O-O Bg7 7.h3 O-O 8.Nc3 d5
9.e5 Ne4 10.Bxe4 dxe4 11.Bf4 Re8 12.Ndb5 Bd7 13.e6 Bxb5 14.Nxb5 Qxd1 15.
Raxd1 Na6 16.exf7+ Kxf7 17.Bxc7 Re7 18.Bd6 Rd7 19.Ba3 Rxd1 20.Rxd1 Ke6 21.
Rd6+ Kf5 22.g4+ Kf4 23.Rd7 Be5 24.Rf7+ Kg5 25.Be7+ 1-0

[Event "20th SLO-ch"]
[Site "Ljubljana SLO"]
[Date "2010.08.12"]
[Round "6"]
[White "Skoberne, Jure"]
[Black "Tratar, Marko"]
[Result "1/2-1/2"]
[WhiteElo "2519"]
[BlackElo "2505"]
[EventDate "2010.08.07"]
[PlyCount "57"]

1.Nf3 Nf6 2.c4 e6 3.g3 a6 4.Bg2 b5 5.Nd4 c6 6.cxb5 axb5 7.Nxb5 cxb5 8.Bxa8
d5 9.b4 Qc7 10.Bb2 Qa7 11.Qc2 Bd7 12.Bxf6 gxf6 13.Bxd5 exd5 14.Nc3 Qb7 15.
O-O Na6 16.a3 d4 17.Qe4+ Qxe4 18.Nxe4 Be7 19.f4 Bc6 20.Nf2 Kd7 21.Rfc1 f5 
22.Nd3 Bd6 23.Kf2 Ra8 24.Ne1 Nc7 25.Nf3 Ne6 26.Nh4 Ng7 27.Nf3 Ne6 28.Nh4 
Ng7 29.Nf3 1/2-1/2

[Event "20th SLO-ch"]
[Site "Ljubljana SLO"]
[Date "2010.08.13"]
[Round "7"]
[White "Gombac, Jan"]
[Black "Skoberne, Jure"]
[Result "0-1"]
[WhiteElo "2324"]
[BlackElo "2519"]
[EventDate "2010.08.07"]
[PlyCount "86"]

1.d4 d6 2.c4 e5 3.Nf3 e4 4.Ng5 f5 5.Nc3 Be7 6.Nh3 Nf6 7.g3 O-O 8.Bg2 c6 9.
d5 Nbd7 10.O-O Nb6 11.b3 cxd5 12.cxd5 Bd7 13.Nf4 Rc8 14.Bb2 Rc5 15.Qd4 g5 
16.Ne6 Bxe6 17.dxe6 Qc8 18.g4 Nbd5 19.Na4 Nf4 20.Kh1 Nxe6 21.Qb4 a5 22.Qd2
Rd5 23.Qe1 Qe8 24.Nc3 Re5 25.Na4 Nxg4 26.Bxe5 dxe5 27.h3 Qh5 28.Kg1 Nf4 
29.f3 Ne3 30.Rf2 Qh4 31.Rf1 Nfxg2 32.Qxh4 Nxh4 33.Rfc1 exf3 34.exf3 b5 35.
Nb6 Rd8 36.Kf2 Nd5 37.Nc8 Ba3 38.Rc6 e4 39.fxe4 fxe4 40.Na7 Bb2 41.Rd1 e3+
42.Ke1 Ng2+ 43.Kf1 e2+ 0-1

[Event "20th SLO-ch"]
[Site "Ljubljana SLO"]
[Date "2010.08.13"]
[Round "7"]
[White "Zorko, Jure"]
[Black "Lenic, Luka"]
[Result "1/2-1/2"]
[WhiteElo "2437"]
[BlackElo "2602"]
[EventDate "2010.08.07"]
[PlyCount "22"]

1.e4 Nf6 2.e5 Nd5 3.d4 d6 4.Nf3 Nb6 5.h3 Bf5 6.a4 a5 7.exd6 exd6 8.Bd3 
Bxd3 9.Qxd3 Be7 10.O-O O-O 11.Re1 Nc6 1/2-1/2

[Event "20th SLO-ch"]
[Site "Ljubljana SLO"]
[Date "2010.08.14"]
[Round "8"]
[White "Sebenik, Matej"]
[Black "Jelen, Igor"]
[Result "0-1"]
[WhiteElo "2518"]
[BlackElo "2383"]
[EventDate "2010.08.07"]
[PlyCount "78"]

1.d4 Nf6 2.c4 g6 3.g3 Bg7 4.Bg2 d5 5.cxd5 Nxd5 6.Nf3 O-O 7.O-O Nb6 8.Nc3 
Nc6 9.e3 Re8 10.Re1 a5 11.Qe2 e5 12.Nxe5 Nxe5 13.dxe5 Bxe5 14.e4 h5 15.Be3
Bg4 16.f3 Be6 17.f4 Bd4 18.Rad1 Bxe3+ 19.Qxe3 Qe7 20.e5 Nc4 21.Qf2 c6 22.
b3 Na3 23.Rd6 Nb5 24.Nxb5 cxb5 25.Qb6 a4 26.Qxb5 axb3 27.axb3 Qc7 28.Red1 
Qc2 29.R6d3 Bg4 30.R1d2 Qc1+ 31.Kf2 Ra1 32.Qxe8+ Kg7 33.Ke3 Qg1+ 34.Ke4 
Bf5+ 35.Kf3 Re1 36.g4 Bxd3 37.Rxd3 hxg4+ 38.Kxg4 Qxg2+ 39.Rg3 Qxh2 0-1

[Event "20th SLO-ch"]
[Site "Ljubljana SLO"]
[Date "2010.08.14"]
[Round "8"]
[White "Crepan, Marjan"]
[Black "Gjuran, Denis"]
[Result "1/2-1/2"]
[WhiteElo "2317"]
[BlackElo "2351"]
[EventDate "2010.08.07"]
[PlyCount "34"]

1.e4 c5 2.Nf3 Nc6 3.d4 cxd4 4.Nxd4 g6 5.Nc3 Bg7 6.Be3 Nf6 7.Be2 O-O 8.Nb3 
d6 9.O-O Be6 10.f4 Qc8 11.h3 Rd8 12.Qe1 d5 13.exd5 Nxd5 14.Nxd5 Bxd5 15.c3
b6 16.Nd2 e5 17.Qf2 exf4 1/2-1/2

[Event "20th SLO-ch"]
[Site "Ljubljana SLO"]
[Date "2010.08.14"]
[Round "8"]
[White "Lenic, Luka"]
[Black "Srebrnic, Marko"]
[Result "1-0"]
[WhiteElo "2602"]
[BlackElo "2331"]
[EventDate "2010.08.07"]
[PlyCount "107"]

1.d4 Nf6 2.c4 g6 3.Nc3 Bg7 4.e4 d6 5.f3 O-O 6.Be3 Nc6 7.Nge2 a6 8.Qd2 Na5 
9.Nc1 b5 10.cxb5 axb5 11.Bxb5 c6 12.Be2 Ba6 13.O-O Nd7 14.b3 c5 15.Bxa6 
Rxa6 16.N1e2 Qa8 17.Rab1 Rc8 18.Rfc1 e6 19.dxc5 Nxc5 20.Nb5 Nab7 21.a4 Na5
22.Qd1 Naxb3 23.Rxb3 Nxb3 24.Rxc8+ Qxc8 25.Qxb3 Ra8 26.Ned4 Bxd4 27.Nxd4 
Qa6 28.Nxe6 Qxa4 29.Qxa4 Rxa4 30.Nd4 Kf8 31.g4 f6 32.Nb5 Ke7 33.Kf2 Kd7 
34.Kg3 Rc4 35.h4 Kc6 36.Nd4+ Kd7 37.Ne2 Ke6 38.Nf4+ Kf7 39.Bb6 Rc6 40.Ba5 
Rc4 41.Bb6 Rc6 42.Nd5 Rc1 43.Bd8 f5 44.exf5 gxf5 45.gxf5 Rd1 46.Nc3 Rd3 
47.Ne4 h6 48.h5 Ke8 49.Bh4 Kf7 50.Nf2 Rd5 51.Ng4 Kg7 52.Bf6+ Kf7 53.Bc3 
Rd3 54.Nxh6+ 1-0

[Event "20th SLO-ch"]
[Site "Ljubljana SLO"]
[Date "2010.08.14"]
[Round "8"]
[White "Skoberne, Jure"]
[Black "Zorko, Jure"]
[Result "1-0"]
[WhiteElo "2519"]
[BlackElo "2437"]
[EventDate "2010.08.07"]
[PlyCount "87"]

1.c4 Nf6 2.Nf3 e6 3.g3 a6 4.Nc3 d5 5.d4 dxc4 6.Bg2 c5 7.O-O Nc6 8.Ne5 Nxe5
9.dxe5 Qxd1 10.Rxd1 Nd7 11.Bf4 Ra7 12.Ne4 b5 13.a4 bxa4 14.Rxa4 Bb7 15.Nd2
Bxg2 16.Kxg2 Nb6 17.Ra5 Be7 18.Rda1 Kd7 19.Rxa6 Rxa6 20.Rxa6 Rb8 21.Ra7+ 
Kd8 22.Ne4 Nc8 23.Ra2 h6 24.Be3 Rb5 25.Bd2 Rb7 26.Bc3 Nb6 27.Ra5 h5 28.
Nxc5 Bxc5 29.Rxc5 Kd7 30.Bd4 Rc7 31.Rb5 Nd5 32.e4 Ne7 33.h4 g6 34.Kf3 Nc6 
35.Bc3 Na7 36.Rb4 Nc6 37.Ra4 Na7 38.Kf4 Nb5 39.Kg5 Kc8 40.Rb4 Nxc3 41.bxc3
Rd7 42.Rxc4+ Kb7 43.Rd4 Rc7 44.Rd3 1-0